<?xml version="1.0" encoding="UTF-8"?>
<record
    xmlns:xsi="http://www.w3.org/2001/XMLSchema-instance"
    xsi:schemaLocation="http://www.loc.gov/MARC21/slim http://www.loc.gov/standards/marcxml/schema/MARC21slim.xsd"
    xmlns="http://www.loc.gov/MARC21/slim">

  <leader>02173nab a2200253uuc4500</leader>
  <controlfield tag="001">1329630</controlfield>
  <controlfield tag="005">20240202112907.0</controlfield>
  <controlfield tag="008">130523e20121201                    spa  </controlfield>
  <datafield tag="035" ind1=" " ind2=" ">
    <subfield code="a">1329630</subfield>
  </datafield>
  <datafield tag="040" ind1=" " ind2=" ">
    <subfield code="c">comduadb</subfield>
  </datafield>
  <datafield tag="041" ind1=" " ind2=" ">
    <subfield code="a">spa</subfield>
  </datafield>
  <datafield tag="100" ind1="1" ind2="0">
    <subfield code="a">Barrera G., Gabriela</subfield>
    <subfield code="4">aut</subfield>
    <subfield code="e">aut</subfield>
    <subfield code="9">495302</subfield>
  </datafield>
  <datafield tag="245" ind1="1" ind2="0">
    <subfield code="a">Relaci&#xF3;n entre el tipo de alojamiento y als respuestas de mirada, sociabilidad y miedo-apaciguamiento en perros</subfield>
  </datafield>
  <datafield tag="520" ind1="3" ind2=" ">
    <subfield code="a">El objetivo del presente art&#xED;culo es estudiar si el alojamiento en refugios caninos, donde el contacto social con las personas es escaso, as&#xED; como los niveles de sociabilidad interespec&#xED;fica, alteran ciertas respuestas sociales y comunicativas de los perros compar&#xE1;ndolos con aquellos que viven en casas de familia como mascotas. Para ello se evaluaron ocho perros alojados en un refugio y nueve perros de familia, adultos, mestizos y de ambos sexos en una prueba de sociabilidad y en una tarea comunicativa. Los resultados muestran que en ambas pruebas los perros de refugio mostraron mayores respuestas de miedo-apaciguamiento hacia la persona, sin diferencias en sus respuestas de acercamiento. Tampoco se hallaron diferencias en la respuesta comunicativa de mirar a la cara humana que los perros habitualmente utilizan para acceder a ciertos reforzadores como comida, caricias, paseos, etc. Sin embargo la duraci&#xF3;n de la mirada fue significativamente mayor en la tarea comunicativa en la que hab&#xED;a comida presente que en la prueba de sociabilidad en ambos grupos. En conclusi&#xF3;n el alojamiento en refugios parece alterar algunas respuestas hacia las personas modificando la calidad del v&#xED;nculo que puede establecerse entre ambas especies.</subfield>
  </datafield>
  <datafield tag="650" ind1=" " ind2=" ">
    <subfield code="a">Adiestramiento de perros</subfield>
    <subfield code="9">17584</subfield>
  </datafield>
  <datafield tag="650" ind1=" " ind2=" ">
    <subfield code="a">Adaptaci&#xF3;n en animales</subfield>
    <subfield code="9">188031</subfield>
  </datafield>
  <datafield tag="650" ind1=" " ind2="7">
    <subfield code="a">Conducta animal</subfield>
    <subfield code="2">lemb</subfield>
    <subfield code="9">153512</subfield>
  </datafield>
  <datafield tag="650" ind1=" " ind2=" ">
    <subfield code="a">Refugios de animales</subfield>
    <subfield code="9">184006</subfield>
  </datafield>
  <datafield tag="700" ind1="1" ind2="0">
    <subfield code="a">Giamal, Yamila</subfield>
    <subfield code="4">aut</subfield>
    <subfield code="e">aut</subfield>
    <subfield code="9">670895</subfield>
  </datafield>
  <datafield tag="700" ind1="1" ind2="0">
    <subfield code="a">Mustaca, Alba Elizabeth</subfield>
    <subfield code="4">aut</subfield>
    <subfield code="e">aut</subfield>
    <subfield code="9">334487</subfield>
  </datafield>
  <datafield tag="700" ind1="1" ind2="0">
    <subfield code="a">Bentosela, Mariana</subfield>
    <subfield code="4">aut</subfield>
    <subfield code="e">aut</subfield>
    <subfield code="9">353470</subfield>
  </datafield>
  <datafield tag="773" ind1="0" ind2=" ">
    <subfield code="t">Suma Psicol&#xF3;gica (Bogot&#xE1;)</subfield>
    <subfield code="g">Volumen 19, N&#xFA;mero 02, Diciembre 2012, p. 7-18</subfield>
    <subfield code="w">614549</subfield>
    <subfield code="x">0121-4381</subfield>
    <subfield code="0">180134</subfield>
  </datafield>
  <datafield tag="942" ind1=" " ind2=" ">
    <subfield code="c">ARIMP</subfield>
  </datafield>
  <datafield tag="999" ind1=" " ind2=" ">
    <subfield code="c">659741</subfield>
    <subfield code="d">659741</subfield>
  </datafield>
</record>
